Biggest Asian "W" Cities by Picture - Statistics

General Stats
  • This quiz has been taken 51 times
  • The average score is 4 of 16
Answer Stats
Picture Hint Answer % Correct
🇨🇳 10,490,000 Wǔhàn
98%
🇨🇳 2,580,000 Wēnzhōu
53%
🇨🇳 3,960,000 Wúxī
44%
🇨🇳 670,000 Wúzhōu
44%
🇨🇳 2,000,000 Wéifāng
24%
🇨🇳 1,600,000 Wúhú
24%
🇨🇳 1,080,000 Wànzhōu
22%
🇮🇳 750,000 Warangal
18%
🇨🇳 1,340,000 Wēihǎi
18%
🇨🇳 920,000 Wēnlǐng
13%
🇨🇳 510,000 Wèinán
4%
🇨🇳 450,000 Wǔān
4%
🇨🇳 530,000 Wūhǎi
4%
🇨🇳 420,000 Wénshān
2%
🇨🇳 450,000 Wǎfángdiàn
0%
🇨🇳 470,000 Wǔwēi
0%
No matching quizzes found
Score Distribution
Percent of People with Each Score
Percentile by Number Answered
Your Score History
You have not taken this quiz